00508nam a2200193 a 4500001001300000003000900013005001700022008004100039020001000080082001500090100002200105245003000127260004200157300000900199500003500208505001700243650003200260700002200292nice12345678IN_TiNIC20260116013553.0050524s0000 phia grp 000 0 eng  ac10000a227.4bERD aErdman, Charles R aPastoral Epistles of Paul aPhiladelphiabWestminster Pressc0000 a158p aincludes index and biblioraphy2 aBibliography aBible N.T. Epistles of Paul1 aErdman, Charles R